Datum a čas kvízu
26
Celkem bodů
Celkový počet nahraných bodů na tomto kvízu bez doplňovacích otázek.
8.
Pořadí na kvízu
Konečné umístění týmu na tomto kvízu.
Zaznamenané odpovědi
| # | Otázka | Odpověď | Body | Výsledky |
|---|---|---|---|---|
| 1. | Jedna česká politička se pochl... | Alena Schillerová, lev | 1 | |
| 2. | Bezpečnostní složky na kosmodr... | raketoplán Buran | 0.5 | |
| 3. | V sobotu se konalo finále 69.... | Švýcarsko, Adam Pavlovčin (Adonxs) | 0 | |
| 4. | Netradiční způsob přivítání zv... | Albánie | 0 | |
| 5. | Tým z jednoho krajského města... | Brno, Nymburk | 0.5 | |
| 6. | Podíváme se na pět reklam, z n... | sázení (sázková kancelář, hazard) | 0 | |
| 7. | Pro který produkt byla vytvoře... | kondomy | 1 | |
| 8. | Doplňte 4 slova, která pokraču... | vy už tady nebudete | 1 | |
| 9. | Tato televizní reklama na Fido... | B) hodí panenku na kapotu a posádku omráčí airbagy | 1 | |
| 10. | Režisér Jakub Kohák natočil te... | BESIP | 0 |